000 00492 a2200157 4500
003 Nust
005 20170207154118.0
040 _cNust
082 _a530
100 _aA. Kitaigorodsky
245 _aIntroduction to Physics
260 _aMoscow
_bForeign languages
_c1931
300 _axii:710 pages
505 _aPart.1- Mechanical and Thermal Motion(Page-19) Part.2- Electromagnetic Fields(Page-226) Part.3- Structure and Properties of Matter (Page-443)
538 _aAlmirah No. 15 Shelf No. 3
942 _2ddc
_cBK
999 _c194188
_d194188